00485nam a2200193Ia 4500008004100000020001400041050001400055100001800069245001700087245004200104245004600146260001500192260001600207260000900223300001400232300002700246300001000273500000800283170918s9999 xx 000 0 und d a590443577 bS416 1989 aScieszka, Jon aDaily wolf : bthe true story of the 3 little pigs / cJon Scieszka ; illustrated by Lane Smith. aNew York : bScholastic, c1989 aunpaged : bcolored illustration ; c27cm. a570